000 01005nam a22002417a 4500
999 _c63360
_d63360
005 20240530110636.0
008 170925s2012 ua f b 000 0 ara d
017 _a2012/15389
_bمصر. دار الكتب
020 _a9789771809197
040 _aEG-CaGPL
_cEG-CaGPL
082 0 4 _221
_a962.2 \
_bق/ ن ف
100 0 _aناصر احمد ابراهيم
245 1 2 _aالفرنسيون فى صعيد مصر :
_bالمواجهة المالية ( 1798 - 1801 ) /
_cتاليف ناصر احمد ابراهيم
250 _aط. 2
260 _aالقاهرة :
_bمطبعة دار الكتب و الوثائق القومية بالقاهرة ،
_c2012.
300 _a278 ص. ؛
_c24 سم +
_eملاحق.
490 0 _aمصر النهضة ؛
_v60
504 _aيشتمل على ارجاعات ببليوجرافية
651 0 7 _2qrmak
_aمصر
_xتاريخ
651 0 7 _2qrmak
_aمصر
_xتاريخ
_xالحملة الفرنسية ( 1798 - 1801 م )
942 _2ddc
_cBK